| 000 | 00988nam a2200289 a 4500 | ||
|---|---|---|---|
| 001 | 000024768 | ||
| 005 | 20240404204714.0 | ||
| 008 | 110203s1995 mx a r 000 | spa d | ||
| 020 | _a9682950333 | ||
| 040 |
_aDO-SdBNP _bspa _cBNPHU |
||
| 082 |
_a330.122 _bC771n |
||
| 100 | 1 |
_aCook, Scott _950831 |
|
| 245 | 1 | 3 |
_aLa necesidad obliga : _bla pequeña industria rural en el capitalismo mexicano / _cScott Cook, Leigh Binford ; traducción Rossana Reyes. |
| 260 |
_aMéxico, D. F. : _bConsejo Nacional para la Cultura y las Artes, _c1995. |
||
| 300 |
_a401 p. : _bil. ; _c21 cm. |
||
| 490 | 1 | _aRegiones | |
| 500 | _aIncluye referencias biliográficas : p. 377-401 | ||
| 500 | _aIncluye notas de contenido | ||
| 650 | 0 |
_aCapitalismo _9280 |
|
| 650 | 4 |
_aCapitalismo _zMéxico _950832 |
|
| 650 | 4 |
_aSistemas económicos _97422 |
|
| 650 | 4 |
_aTecnocracia _933680 |
|
| 700 | 1 |
_aLeigh Binford _950833 |
|
| 700 | 1 |
_aReyes, Rossana _etr. _950834 |
|
| 830 | 0 |
_aRegiones _916994 |
|
| 049 | _aBNGR | ||
| 999 |
_c24261 _d24261 |
||